Celebrities Before and After III Quiz Stats

 Plays Quiz Updated Oct 6, 2014

Challenge
Share
Tweet
Embed
Score 0/16 Timer 06:00
0 Plays Today
Person #1 Answer % Correct
Member of The BeatlesGeorge Harrison Ford
93.7%
Starred in 'The Pink Panther' remakeSteve Martin Sheen
81.2%
'Tutti Frutti' singerLittle Richard Gere
78.8%
'On the Road Again' singerWillie Nelson Mandela
73.5%
'Tiny Dancer' singerElton John Wayne
73.3%
Movie star and princess of MonacoGrace Kelly Clarkson
71.2%
One half of the duo 'Wham!'George Michael Caine
65%
Star of 'Rebel Without a Cause'James Dean Martin
64.1%
Person #1 Answer % Correct
Produced 'Everybody Hates Chris'Chris Rock Hudson
58.5%
Los Angeles Lakers basketball playerLeBron James Stewart
57.5%
'Fire and Rain' singerJames Taylor Swift
57.5%
Singer of 'I Kissed A Girl'Katy Perry Como
39.6%
'Downtown' singerPetula Clark Gable
39.3%
'Blowin' in the Wind' singerBob Dylan Thomas
37.6%
Female star of 'Halloween'Jamie Lee Curtis Mayfield
31%
Author of 'Ulysses'James Joyce Carol Oates
14.5%

You're not logged in!

Compare scores with friends on all Sporcle quizzes.
Join for Free
OR
Log In

You Might Also Like...

Show Comments

Extras

Top Quizzes Today


Score Distribution

Your Account Isn't Verified!

In order to create a playlist on Sporcle, you need to verify the email address you used during registration. Go to your Sporcle Settings to finish the process.

Report this User

Report this user for behavior that violates our Community Guidelines.

Details: